000 01682nam a22001937i 4500
999 _c23323
_d23323
003 AR-CdUCM
008 250717b20222022bl ||||| |||| 00| 0 bl d
020 _a978-65-88662-13-7
040 _aMUNICIPALIDAD PROVINCIAL DEL CUSCO
_cBIBLIOTECA MUNICIPAL DEL CUSCO
041 _hbl
082 _a896.01 /
_bD51
100 _aDelmaschio, Andréia
_951247
245 _aFlores Inventadas / (poesía en portugués)
260 _aBrasilia :
_bEditora Cándida
_c2022
300 _a125 páginas. :
_c21x15 cm.
505 _aDiva persa -- beira mar
942 _2ddc
_cLIBROS
945 _apbjr
_d17-07-2025